• 首页
  • 本馆介绍
  • 公告通知
  • 最新文献
  • 馆藏检索
  • 电子资源
  • 读者导购
  • 参考咨询
  • 我的图书馆
  • 登录
  • 详细信息显示
  • 放入我的书架
  • 预约/预借图书
  • 作者相关作品
  • 分类相关作品
  • 丛书相关作品
  • 出版社相关作品

书目信息

  • 表格格式
  • 工作单格式
  • 卡片格式
题名:
中国雄师:第一野战军
    
 
作者: 洪兵 , 汪徐和 编著
分册:  
出版信息: 北京   中共党史出版社  1996
页数: 431页
开本: 20cm
丛书名:
单 册:
中图分类: E297.4
科图分类:
主题词: 军队史-第一野战军
电子资源:
ISBN: 7-80023-966-7
000 00896nam0 2200277 45
001 0197013098
005 20040422144055.5
010    @a7-80023-966-7@dCNY22
100    @a19970519d1996 emky0chiy0121 ea
101 0  @achi
102    @aCN@b110000
105    @ay zg 000zd
106    @ar
200 10 @a中国雄师:第一野战军@Azhong guo xiong shi : di yi ye zhan jun@e名将谱·雄师录·征战记@EMing Jiang Pu·Xiong Shi Lu·Zheng Zhan Ji@f洪兵,汪徐和编著
205    @a4版
210    @a北京@c中共党史出版社@d1996
215    @a431页@d20cm
517 1  @a第一野战军@Adi yi ye zhan jun
517    @a名将谱·雄师录·征战记@AMing Jiang Pu·Xiong Shi Lu·Zheng Zhan Ji
601 02 @a第一野战军-军队史
606    @a军队史-第一野战军
690    @aE297.4@v3
701  0 @a洪兵@Ahong bing@4编著
701  0 @a汪徐和@Awang xu he@4编著
801  0 @aCN@bNLC@c19970619
905    @f4@b272495-498@dE297.4@e40:1
    
    中国雄师:第一野战军:名将谱·雄师录·征战记/洪兵,汪徐和编著.-4版.-北京:中共党史出版社,1996
    431页;20cm
    
    
    ISBN 7-80023-966-7:CNY22
    
●
相关链接 在E读中查询图书 在五车中查询图书 在当当中查询图书 在豆瓣中查询图书


正题名:中国雄师:第一野战军     索取号:E297.4/40:1         预约/预借

序号 登录号 条形码 馆藏地/架位号 状态 备注
1 0272494   202376277   第一样本阅览室/ [索取号:E297.4/40:1] 在馆    
2 0272495   001261609   第一借阅区/ [索取号:E297.4/40:1] 在馆    
3 0272496   001261618   第一借阅区/ [索取号:E297.4/40:1] 在馆    
4 0272497   001261574   密集书库/ [索取号:E297.4/40:1] 在馆    
5 0272498   001261565   第一借阅区/ [索取号:E297.4/40:1] 在馆    
唐山师范学院图书馆 欢迎您!
大连网信软件有限公司© 版权所有